Villes francaises les plus detruites par les bombardements - Statistiques

Statistiques générales
  • Ce quiz a été pris 113 fois
  • Le résultat moyen est 6 sur 15
Statistiques - réponses
Departement % Ville % Correct
Nord 90 Dunkerque
85%
Pas-de-Calais 95 Calais
80%
Finistère 80 Brest
79%
Seine Maritime 82 Le Havre
79%
Loire Atlantique 100 Saint-Nazaire
66%
Morbihan 80 Lorient
64%
Manche 77 Saint-Lô
53%
Oise 80 Beauvais
41%
Pas-de-Calais 85 Boulogne-sur-Mer
34%
Calvados 75 Lisieux
31%
Calvados 95 Vire
19%
Calvados 76 Falaise
13%
Pas-de-Calais 94 Le Portel
2%
Calvados 88 Villers-Bocage
2%
Calvados 96 Tilly-la-Campagne
0%
Aucun quiz correspondant
Distribution des résultats
% des personnes avec chaque résultat
Percentile par nombre de réponses
Votre historique - résultats
Vous n’avez pas pris ce quiz